| 000 | 00568cam a2200193 4500500 | ||
|---|---|---|---|
| 005 | 20250921003612.0 | ||
| 041 | _afre | ||
| 042 | _adc | ||
| 100 | 1 | 0 |
_aNathan, Tobie _eauthor |
| 245 | 0 | 0 | _aDistrict de Bastar (État de Chhattisgarh, Inde). Ghotul |
| 260 | _c2016. | ||
| 500 | _a39 | ||
| 690 | _aInde | ||
| 690 | _aMusique | ||
| 690 | _aSexe | ||
| 690 | _aTobie Nathan | ||
| 786 | 0 | _nPhilosophie Magazine | 104 | 11 | 2016-11-01 | p. 42-42 | |
| 856 | 4 | 1 | _uhttps://shs.cairn.info/magazine-philosophie-magazine-2016-11-page-42?lang=fr&redirect-ssocas=7080 |
| 999 |
_c1506604 _d1506604 |
||